000 00437nam a2200181Ia 4500
005 20240823005417.0
008 240823s9999||||xx |||||||||||||| ||und||
041 _aENGLISH
082 _A670.423 N8
100 _aChandila S P
245 0 _aWorkshop Technology Volume III
250 _a1st
260 _c1998
_b"Oxford,New Delhi"
500 _aYES
650 _aWorkshop
_bAeronautical Engineering
942 _cBK
999 _c155634
_d155634